The twentieth century as a transformative time for women /
Salvato in:
| Autore principale: | |
|---|---|
| Altri autori: | |
| Natura: | testo |
| Tags: |
Aggiungi Tag
Nessun Tag, puoi essere il primo ad aggiungerne!!
|
MARC
| LEADER | 00000 a a2200000 04500 | ||
|---|---|---|---|
| 001 | 41513 | ||
| 003 | |||
| 040 | |||
| 100 | |a Mancini Billson, Janet | ||
| 245 | |a The twentieth century as a transformative time for women / |c Janet Mancini Billson; Carolyn Fluehr-Lobban | ||
| 700 | |a Fluehr-Lobban, Carolyn | ||
| 773 | |g páginas 3-21 | ||
| 999 | |c 34536 |d 34536 | ||
